| 000 | 02038nam0a2200373 4500 | ||
|---|---|---|---|
| 001 | RU\NLR\BIBL_A\012932242 | ||
| 005 | 20221122095456.0 | ||
| 010 |
_a978-5-17-148974-8 _93000 |
||
| 021 |
_aRU _bКН-П-22-067231 _9КН-П-22-5845 |
||
| 035 | _a(NLR Aleph) 012932242 | ||
| 035 | _a(RuMoRGB)011251434 | ||
| 090 |
_a12678156 _c12678156 |
||
| 100 | _a20221107d2022 b y0rusy50 ca | ||
| 101 | 0 | _arus | |
| 102 | _aRU | ||
| 105 | _aa z 000zy | ||
| 181 | 0 |
_ai3 _baxxe |
|
| 181 | 0 |
_ab2 _bxb2e |
|
| 182 | 0 | _an | |
| 200 | 1 |
_aФу-Фу и Кис-Кис идут по следу _iЛапы прочь от ёлочки! _e[3-6 лет] _fКатя Матюшкина, Катя Оковитая |
|
| 203 |
_aТекст _aИзображение _bвизуальные _cнепосредственные |
||
| 210 |
_aМосква _cАСТ _d2022 |
||
| 215 |
_a30, [1] с. _cцв. ил. _d29 |
||
| 225 | 1 | _aСерия "Волшебные приключения" | |
| 330 | _aОграбление! Куда бежать? Что делать? Иностранец Вольгерух чудом выжил в Скверном лесу! Ещё этот перцовый шлейф, который так и норовит испортить нюх! Гениальные сыщики Фу-Фу и Кис-Кис берутся за необычайно сложное дело! Нужно скорее расследовать преступление, ведь на носу Звероновый год. Ура! Украшаем ёлку и встречаем Зверя Мороза и Снежную Гурочку! | ||
| 333 | _a0+; 6- | ||
| 686 | 0 | _aШ9(2)60=Р7-2 | |
| 700 | 1 |
_aМатюшкина _bЕ. А. _f1976- _gЕкатерина Александровна _3RU\NLR\AUTH\7746761 |
|
| 701 | 1 |
_aОковитая _bЕ. В. _f1980- _gЕкатерина Викторовна _3RU\NLR\AUTH\7760013 |
|
| 942 | _cBOOK | ||
| 980 | _aNB | ||